|
|
|
แสดงรายละเอียดบรรณานุกรม |
|
|
Brief Record
: Get Marc (ISO 2709)
: E-mail record
: |
|
|
| LEADER 00000nam 2200000uu 4500 | |||
| 001 13399108086 | |||
| 003 ULIB | |||
| 008 110107s2553||||th 000 0 tha d | |||
| 020 ^a9786165271035 | |||
| 060 4 ^aQT255^bส343ส 2553 | |||
| 100 0 ^aสรสิทธิ์ ไชยสิทธิ์ | |||
| 245 10 ^aสุขภาพดีด้วยโยคะ =^bYoga for health /^cสรสิทธิ์ ไชยสิทธิ์ | |||
| 250 ^aพิมพ์ครั้งที่ 1 | |||
| 260 ^aกรุงเทพฯ :^bเอ็มไอเอส,^c2553 | |||
| 300 ^a157 หน้า :^bภาพสีประกอบ ;^e1 ดีวีดี (4 3/4 นิ้ว) | |||
| 500 ^aมีดีวีดี ประกอบ 1 แผ่น, เก็บไว้ที่ห้องโสตทัศนวัสดุ | |||
| 520 ^aหนังสือเล่มนี้เสนอเนื้อหาการฝึกโยคะ ประกอบด้วย ความหมายของโยคะ หลักสำคัญในการฝึกโยคะ การบริหารลมหายใจของโยคะ และท่าออกกำลังกายแบบโยคะ | |||
| 650 7 ^aโยคะ | |||
| 650 7 ^aโยคะ (กายบริหาร) | |||
| 650 7 ^aการออกกำลังกาย | |||
| 999 ^aสุณิสา | |||
| คุณยังไม่ได้ล็อกอิน คุณสามารถมีกิจกรรมร่วมกับเว็บไซต์ได้ แต่ต้องล็อกอินก่อน :: |
|
| สถานะ | |||||||||
| 1. | หนังสือทั่วไป | QT255 ส343ส 2553 ฉ.1 Barcode: 31602 | ►ชั้นหนังสือเก่าปีพิมพ์เกิน 10 ปี | บนชั้น | |||||
| 2. | หนังสือทั่วไป | QT255 ส343ส 2553 ฉ.2 Barcode: 31603 | ►ชั้นหนังสือเก่าปีพิมพ์เกิน 10 ปี | บนชั้น | |||||
| 3. | หนังสือทั่วไป | QT255 ส343ส 2553 ฉ.3 Barcode: 31604 | ►ชั้นหนังสือเก่าปีพิมพ์เกิน 10 ปี | บนชั้น | |||||
| [แสดง 3/3 รายการ] | |||||||||
| รายการใกล้เคียง ผู้แต่ง [สรสิทธิ์ ไชยสิทธิ์] หัวเรื่อง [โยคะ]
|
BibComment |
| คอมเมนท์ทรัพยากรรายการนี้ |
|
|